Monsta X Alphabet song - Statistics

General Stats
  • This quiz has been taken 34 times
  • The average score is 17 of 25
Answer Stats
Hint Answer % Correct
A All I do / Aura / Are you there? / Alligator / Addicted / About last night / Autobahn / Amen / All in / And
100%
B Blue moon / Beautiful / By my side / Black swan / Burn it up / Beside u / Beautiful night / Beastmode / Bebe / Blame me / Better / Blow your mind / Broken heart / Because of u / Be quiet / Blind / Breath for you / Beautiful liar / Burning up / Breathe
96%
F From zero / Fallin / Flash back / Find you / Follow / Fantasia / Flow / Flavor of love / Fighter
96%
L Lost in the dream / Livin’ it up / Love u / Love killa / Last carnival / Lonely christmas / Late night feels / Lone ranger / Love
92%
D Dramarama / Deja vu / Destroyer / Disaster / Diamond heart / Detox / Daydream / Deny
88%
R Ready or not / Rodeo / Re:verseday / Rotate / Rush hour / Ride with u / Rush / Roller coaster / Reckless
88%
M Miss you / Mohae / Myself / My beast / Monsta truck / Mirror / Middle of the night / Misbehave / Mercy / Magnetic
83%
G Gravity / Ghost / Give me dat / Got my number / Guess who / Gambler / Got me in chains / Gone bad
79%
S Steal your heart / Shine forever / Special / Stuck / Spotlight / Shoot out / Stealer / Swish / See you again / Someone’s someone / She’s the one / Stand up / Sorry I’m not sorry / Secret / Secrets / Softly / Stuck / Sweetheart / Summer taste / Swing
79%
H Honestly / Hero / Heart attack / Happy without me / Heaven / Here we are
75%
J Jealousy / Just love
75%
X X / X-Phenomenon
67%
N No exit / Need U / Now or never / No reason / Nobody else / Night view / Neo univers / Newton
63%
O One love / Oi / Oh my / One day
63%
T Trespass / Tropical night / Turbulence / Thriller / Tied to your body / The dreaming
63%
Q Queen
54%
W We are here / Who do u love / Wanted / Wish on the same sky / Whispers in the dark / White love / Wildfire
54%
C Calm down / Crazy in love / Carry on / Chaotic / Christmas day / Christmas time / Crescendo
50%
I Interstellar / Incomparable / I’ll be there / In time / If only / I do love u / It ain’t over / I got love / If with u / It’s alright
50%
U Underwater / U R / Unfair love
50%
Y You can’t hold my heart / You problem
50%
K Killin’ me / Kiss or death
46%
P Puzzle / Play it cool / Party time / Perfect girl
46%
E Ex girl
29%
Z Zone
25%
No matching quizzes found
Score Distribution
Percent of People with Each Score
Percentile by Number Answered
Your Score History
You have not taken this quiz